[Event "Floripa Chess Open 2024"]
[Site "Florianopolis"]
[Date "2024.01.20"]
[Round "1.30"]
[White "De Oliveira, Matheus Tavares"]
[Black "Dos Santos Dutra, Fernando Junior Fre"]
[Result "1-0"]
[WhiteElo "1612"]
[BlackElo "2262"]
[PlyCount "83"]
[EventDate "2024.01.20"]
[EventRounds "10"]
[EventCountry "BRA"]

1. d4 Nf6 2. c4 g6 3. Nc3 Bg7 4. e4 d6 5. Be2 O-O 6. Bg5 c5 7. d5 e6 8. Qd2
exd5 9. exd5 Re8 10. Nf3 Na6 ({RR} 10... Qb6 11. O-O Bf5 12. Nh4 Bc8 13. Bd3
Na6 14. Rae1 Bd7 15. h3 Rxe1 16. Rxe1 Re8 17. Rxe8+ Nxe8 18. Nf3 Nac7 19. b3
Qa5 20. Ne4 Qxd2 21. Bxd2 f5 22. Nc3 a6 23. a4 b6 24. h4 Nf6 25. Ne2 {Harsha,B
(2509)-Fedoseev,V (2678) chess.com INT 2020 0-1 (79)}) ({RR} 10... Bg4 11. O-O
Bxf3 12. Bxf3 Nbd7 13. Rfe1 Qa5 14. Qf4 Rxe1+ 15. Rxe1 Re8 16. Rf1 Re5 17. Qh4
Qb4 18. Bf4 Qxb2 19. Bxe5 Nxe5 20. Nb5 Nxf3+ 21. gxf3 Qe5 22. Nxa7 Nh5 23. Qe4
Qg5+ 24. Kh1 Be5 25. Qg4 {Kretov,E (2269)-Mickiewicz,P (2233) chess.com INT
2021 1-0 (36)}) 11. O-O Nc7 12. a3 $146 ({RR} 12. Bd3 a6 13. a4 Rb8 14. Qf4 Rf8
15. Ne4 Nce8 16. Qh4 Bf5 17. Nxf6+ Bxf6 18. Bxf5 gxf5 19. Ra3 Kh8 20. Re1 Bxg5
21. Nxg5 Nf6 22. Qh6 Kg8 23. Rg3 Re8 24. Ne6+ {1-0 (24) Bali,J (2255)
-Hermaneck,H Dortmund 1992}) 12... Bf5 13. Rac1 Rb8 14. b4 b6 15. Rfe1 Na6 16.
b5 Nc7 17. Nh4 Qd7 18. Nxf5 Qxf5 19. Bd3 Qd7 20. Rxe8+ Rxe8 21. Re1 Rxe1+ 22.
Qxe1 h6 23. Bf4 Nh5 24. Bd2 Kh7 25. Qe3 Kg8 26. Qe1 Ne8 27. Qc1 Kh7 28. h3 Qe7
29. a4 Bd4 30. Bxh6 Bxc3 31. Qxc3 Kxh6 32. Qh8+ Kg5 33. g3 Nxg3 34. fxg3 Qe3+
35. Kg2 Qd2+ 36. Kg1 Qe3+ 37. Kg2 Qd2+ 38. Kg1 Qe3+ 39. Kg2 Qd4 40. h4+ Kg4 41.
Be2+ Kf5 42. Qxe8 1-0

[Event "Floripa Chess Open 2024"]
[Site "Florianopolis"]
[Date "2024.01.20"]
[Round "1.31"]
[White "Pires, Marcos Vinicius Tor"]
[Black "Cunha, Angelo"]
[Result "1-0"]
[WhiteElo "2253"]
[BlackElo "1598"]
[PlyCount "69"]
[EventDate "2024.01.20"]
[EventRounds "10"]
[EventCountry "BRA"]

1. Nf3 Nf6 2. d4 d5 3. g3 Bf5 4. Bg2 e6 5. c4 c6 6. Nc3 h6 7. O-O Bd6 8. Nd2
O-O 9. e4 dxe4 10. Ndxe4 Be7 11. Be3 ({RR} 11. Bf4 Nxe4 12. Nxe4 Qb6 13. c5 Qa6
14. Re1 b6 15. b4 Bxe4 16. Bxe4 Rd8 17. Qg4 Bf6 18. Rad1 Qa4 19. Bxh6 Nd7 20.
Bf4 Nf8 21. Bd6 Rac8 22. h4 Qxb4 23. h5 Rxd6 24. cxd6 Qxd6 25. d5 cxd5 {
Georgescu,T (2384)-Vila Gazquez,X (2418) Szeged 2008 1-0 (49)}) 11... Nbd7 12.
Qb3 $146 ({RR} 12. h3 Nxe4 13. Nxe4 Nf6 14. Nxf6+ Bxf6 15. Qd2 Qd7 16. Rfd1
Rad8 17. Rac1 Qc8 18. Qe2 a6 19. Kh2 Rfe8 20. d5 exd5 21. cxd5 Be4 22. Bxe4
Rxe4 23. Qf3 Rde8 24. dxc6 bxc6 25. Rd6 Qb8 26. Rdxc6 Qxb2 {Tsvetkov,A (1827)
-Nesterov,A (2018) Loo 2014 1-0 (35)}) 12... Qb6 13. Nxf6+ Nxf6 14. d5 Qc7 15.
dxc6 bxc6 16. Qa4 Rfc8 17. h3 Nd7 18. Ne4 Nb6 19. Qc2 Rab8 20. Rad1 Bh7 21. Qc1
Bxe4 22. Bxe4 Qe5 23. Qc2 Qa5 24. b3 Nd5 25. Bh7+ Kh8 26. cxd5 cxd5 27. Qb1 Rc6
28. Rc1 Rbc8 29. Bd3 Ba3 30. Rxc6 Rxc6 31. Qd1 e5 32. Qh5 e4 33. Bxe4 Rd6 34.
Bb1 Qc7 35. Bf4 1-0

[Event "Floripa Chess Open 2024"]
[Site "Florianopolis"]
[Date "2024.01.20"]
[Round "1.32"]
[White "Franzen, Mark Scheer"]
[Black "Coppola, Claudio"]
[Result "0-1"]
[WhiteElo "1596"]
[BlackElo "2250"]
[PlyCount "60"]
[EventDate "2024.01.20"]
[EventRounds "10"]
[EventCountry "BRA"]

1. e4 c5 2. Nf3 d6 3. b4 cxb4 4. d4 g6 5. a3 bxa3 ({RR} 5... b3 6. cxb3 Bg7 7.
Nc3 Bg4 8. Be3 Nf6 9. Be2 O-O 10. O-O Nc6 11. d5 Bxf3 12. gxf3 Ne5 13. Rc1 a6
14. Kh1 Rc8 15. f4 Ned7 16. Bd4 Ne8 17. Bg4 Rc7 18. Re1 Bxd4 19. Qxd4 Ndf6 20.
Bh3 {Rodriguez Vila,A (2487)-Di Berardino,D (2512) Florianopolis 2016 1-0 (38)}
) ({RR} 5... Nf6 6. Bd3 bxa3 7. O-O Bg7 8. e5 dxe5 9. dxe5 Ng4 10. Bf4 Nc6 11.
Qe2 O-O 12. Nxa3 Nd4 13. Qe4 Nxf3+ 14. gxf3 Bf5 15. Qe2 Bxd3 16. cxd3 Qd4 17.
fxg4 Qxf4 18. Rfe1 Rfd8 19. Rab1 b6 20. Nb5 {Simacek,V (1856)-Hrbolka,L (2094)
Ceske Budejovice CZE 2022 1-0 (41)}) 6. Bd3 Bg7 7. c3 Nf6 8. Qe2 $146 ({RR} 8.
O-O O-O 9. h3 Qc7 10. Be3 Be6 11. Nxa3 Qxc3 12. Nb5 Qc8 13. Rc1 Nc6 14. d5 Bxd5
15. exd5 Nxd5 16. Bxg6 Nxe3 17. Bxh7+ Kxh7 18. Ng5+ Kg6 19. fxe3 Kxg5 20. Rc4
f5 21. Qe1 Be5 22. Qh4+ Kg6 {Varlotta,A-Silva Nazzari,R Montevideo 1960 0-1  
(33)}) 8... O-O 9. O-O Be6 10. Nxa3 Nbd7 11. Ng5 Nb6 12. Nxe6 fxe6 13. e5 dxe5
14. Qxe5 Qd5 15. Re1 Qxe5 16. Rxe5 Nfd5 17. Rxe6 Nxc3 18. Be3 Kf7 19. Re4 Nxe4
20. Bxe4 Rab8 21. Nb5 a6 22. Bf4 axb5 23. Bxb8 Rxb8 24. Rb1 Nc4 25. Rxb5 Nd6
26. Bd5+ e6 27. Rb6 exd5 28. Rxd6 b5 29. Rxd5 b4 30. Rd7+ Kf8 0-1

[Event "Floripa Chess Open 2024"]
[Site "Florianopolis"]
[Date "2024.01.20"]
[Round "1.33"]
[White "Rodrigues, Edgar"]
[Black "Lahoz, Cassiano"]
[Result "1-0"]
[WhiteElo "2233"]
[BlackElo "1592"]
[PlyCount "89"]
[EventDate "2024.01.20"]
[EventRounds "10"]
[EventCountry "BRA"]

1. e4 e5 2. Nf3 Nf6 3. Nxe5 d6 4. Nf3 Nxe4 5. Nc3 Nxc3 6. dxc3 Nc6 7. Bf4 Be7
8. Qd2 Be6 9. O-O-O a6 10. Kb1 h6 11. Bd3 Qd7 12. Be4 ({RR} 12. Rhe1 O-O-O 13.
Nd4 Nxd4 14. cxd4 Bf6 15. c3 Rhe8 16. Qc2 Kb8 17. f3 Re7 18. Re2 Rde8 19. Rde1
g5 20. Bc1 Bg7 21. h3 Bd5 22. c4 Rxe2 23. Rxe2 Rxe2 24. Qxe2 Be6 25. d5 Bf5 26.
g4 Bxd3+ {Han,Y (2423)-Costachi,M (2476) chess.com INT 2022 1/2-1/2 (40)})
12... O-O-O $146 ({RR} 12... Bf6 13. Rhe1 O-O-O 14. Bd5 Rhe8 15. h3 Bf5 16. a3
Ne5 17. Nd4 Bg6 18. Bxe5 dxe5 19. Nb3 Qb5 20. a4 Qb6 21. Qe2 Rxd5 22. Qg4+ Kb8
23. Rxd5 Qxb3 24. Rd2 Qb6 25. Qc4 Re6 26. b4 Rc6 27. Qb3 {Eusebio Perez,H  
(2143)-Lorenzo De Los Santos,L (2070) Santo Domingo 2016 0-1 (44)}) 13. Nd4 d5
14. Bf3 Bf6 15. Nb3 Qe7 16. Rhe1 Rhe8 17. Qc1 Qf8 18. Re2 g5 19. Bg3 Qg7 20.
Bxd5 Bxd5 21. Rxe8 Rxe8 22. Rxd5 Rd8 23. Rxd8+ Bxd8 24. Qe3 Qf8 25. f3 Qe7 26.
Qd3 Qf8 27. Qf5+ Kb8 28. Nc5 Qe7 29. b4 Qe2 30. Qxf7 a5 31. a3 axb4 32. axb4
Be7 33. Qe8+ Ka7 34. Bxc7 Qf1+ 35. Kb2 Bxc5 36. bxc5 Qb5+ 37. Kc1 Qf1+ 38. Kd2
Qf2+ 39. Qe2 Qxc5 40. Qe3 Qxe3+ 41. Kxe3 b5 42. Ke4 Kb7 43. Bd6 Kc8 44. Kf5 Kd7
45. Bf8 1-0

[Event "Floripa Chess Open 2024"]
[Site "Florianopolis"]
[Date "2024.01.20"]
[Round "1.34"]
[White "Orlandi Neto, Aristides"]
[Black "Cunha, Lucas Aguiar"]
[Result "0-1"]
[WhiteElo "1592"]
[BlackElo "2230"]
[PlyCount "92"]
[EventDate "2024.01.20"]
[EventRounds "10"]
[EventCountry "BRA"]

1. e4 c5 2. Nf3 Nc6 3. d3 g6 4. g3 Bg7 5. Bg2 Nf6 6. Nbd2 d5 7. O-O O-O 8. Re1
e6 9. Qe2 a5 10. Nf1 a4 11. a3 b6 12. e5 Nd7 13. Bf4 Ba6 $146 ({RR} 13... Bb7
14. h4 Re8 15. Bh3 b5 16. N1h2 Ne7 17. h5 d4 18. hxg6 Nxg6 19. Bg5 Qc7 20. Ng4
Bxf3 21. Qxf3 Ndxe5 22. Nf6+ Bxf6 23. Qxf6 Nd7 24. Qf3 Rac8 25. Re4 Kg7 26. Qh5
Qd6 27. Rae1 Kg8 28. f4 {Hofegger,J (2072)-Leitner,G (2160) Austria 2017 1-0  
(44)}) 14. c4 dxc4 15. dxc4 Ra7 16. Rad1 Qb8 17. h4 h5 18. N3h2 Na5 19. Nd2 Rd8
20. g4 Bxe5 21. Bxe5 Qxe5 22. Qxe5 Nxe5 23. Rxe5 Nxc4 24. Rg5 hxg4 25. Nxg4
Nxb2 26. Re1 Rxd2 27. h5 Kg7 28. Rxe6 fxe6 29. Rxg6+ Kf8 30. Nh6 Rg7 31. Rxe6
Bb7 32. Rf6+ Ke7 33. Rg6 Rxg6 34. hxg6 Bxg2 35. Nf5+ Kf6 36. g7 Bd5 37. Ne3
Kxg7 38. Kf1 Nc4 39. Ke1 Nxe3 40. Kxd2 Nc4+ 41. Kc2 Nxa3+ 42. Kb2 Nc4+ 43. Ka2
b5 44. f4 b4 45. Ka1 b3 46. Kb1 Be4+ 0-1

[Event "Floripa Chess Open 2024"]
[Site "Florianopolis"]
[Date "2024.01.20"]
[Round "1.35"]
[White "De Siqueira, Luigy Lira"]
[Black "Silva, Henrique Brasil Bar"]
[Result "1-0"]
[WhiteElo "2230"]
[BlackElo "1590"]
[PlyCount "87"]
[EventDate "2024.01.20"]
[EventRounds "10"]
[EventCountry "BRA"]

1. e4 {RR} c6 2. d4 d5 3. e5 Bf5 4. h4 h5 5. c4 e6 6. Nc3 Nd7 7. Nge2 a6 ({RR} 
7... dxc4 8. Ng3 Nb6 9. Be2 Bg6 10. Bg5 Be7 11. Nge4 f6 12. Bf4 Nd5 13. Bg3 Qb6
14. O-O Nxc3 15. Nxc3 Qxb2 16. Bxc4 Qxc3 17. Rc1 Qb2 18. Bxe6 Rd8 19. d5 fxe5
20. Re1 Bf6 21. Re2 Qa3 22. Bxe5 {McShane,L (2664)-So,W (2673) Wijk aan Zee
2011 CBM 141 [RR] 1-0 (40)}) ({RR} 7... Ne7 8. Ng3 Bg6 9. cxd5 Nxd5 10. Nxd5
cxd5 {0-1 (10) Ferreira De Souza,R (1329)-Silva,H (1590) Florianopolis BRA 2024
}) 8. Ng3 g6 $146 ({RR} 8... Bg6 9. Bg5 Be7 10. Bxe7 Nxe7 11. Be2 Qb6 12. O-O
Qxb2 13. Na4 Qa3 14. c5 Qb4 15. a3 Qa5 16. Qb3 Qc7 17. Ra2 Nf5 18. Nxf5 Bxf5
19. Rb2 Rb8 20. Bxa6 bxa6 21. Nb6 O-O 22. Rc1 Rb7 23. a4 {Koziorowicz,M (2309)
-Jagodzinski,P (2145) Katowice POL 2021 1-0 (59)}) 9. Nxf5 gxf5 10. cxd5 cxd5
11. Be2 b5 12. Bxh5 Nb6 13. g3 Rh7 14. Be2 Bh6 15. Bxh6 Nxh6 16. a4 b4 17. a5
bxc3 18. axb6 cxb2 19. Qa4+ Qd7 20. Qxd7+ Kxd7 21. Rb1 Kc6 22. b7 Kxb7 23.
Rxb2+ Kc7 24. Kd2 Ra7 25. Rc1+ Kd7 26. Rb6 Rh8 27. Bxa6 Rha8 28. Rcc6 Rg8 29.
Rc2 Rga8 30. Bb7 Rh8 31. Rd6+ Ke7 32. Rc7+ Kf8 33. Rc8+ Kg7 34. Rxh8 Ra2+ 35.
Ke1 Kxh8 36. Bxd5 Rb2 37. Bf3 Kg7 38. Rd7 Ng4 39. Bxg4 fxg4 40. Kf1 Rd2 41. d5
Rxd5 42. Rxd5 exd5 43. Ke2 Kg6 44. Ke3 1-0

[Event "Floripa Chess Open 2024"]
[Site "Florianopolis"]
[Date "2024.01.20"]
[Round "1.36"]
[White "De Oliveira, Gualter Amelio"]
[Black "Gattass, Allan"]
[Result "0-1"]
[WhiteElo "1585"]
[BlackElo "2225"]
[PlyCount "74"]
[EventDate "2024.01.20"]
[EventRounds "10"]
[EventCountry "BRA"]

1. e4 c5 2. Nc3 Nc6 3. g3 g6 4. d3 Bg7 5. Bg2 e6 6. Nge2 Nge7 7. f4 ({RR} 7. a3
O-O 8. h4 d5 9. h5 d4 10. Nb1 e5 11. Nd2 Be6 12. Ng1 Qd7 13. Bh3 b5 14. Bxe6
Qxe6 15. Ngf3 f6 16. b3 a6 17. Kf1 {1/2-1/2 (17) Gelman,A (2460)-Vorobiov,E  
(2477) Moscow 1999}) 7... d5 ({RR} 7... d6 8. Be3 Nd4 9. Qd2 Qa5 10. Bxd4 cxd4
11. Nd1 Qxd2+ 12. Kxd2 e5 13. b3 Nc6 14. Nb2 Be6 15. a4 O-O 16. Nc4 Bxc4 17.
bxc4 b6 18. Rhf1 f6 19. f5 g5 20. h4 h6 21. Bf3 Kf7 22. c3 {Dwilewicz,K (2129)
-Grot,B (2102) chess.com INT 2024 1-0 (74)}) 8. O-O O-O 9. a4 $146 ({RR} 9. g4
b6 10. Ng3 dxe4 11. dxe4 Ba6 12. Re1 Qxd1 13. Nxd1 Rad8 14. e5 Rd7 15. c3 Rfd8
16. Ne3 Nd5 17. Nc2 Na5 18. Ne4 Ne7 19. Bf1 Bd3 20. Na3 a6 21. Nd6 Bxf1 22.
Kxf1 Nc8 23. Ne4 Ne7 {Font,J (2083)-Savinel,F (2064) Moron 2002 1/2-1/2 (47)})
9... dxe4 10. Nxe4 b6 11. Kh1 Bb7 12. Rb1 Qd7 13. Ng5 Nb4 14. Bxb7 Qxb7+ 15.
Kg1 Rad8 16. b3 Ned5 17. Ne4 f5 18. Ng5 Rfe8 19. Rf2 e5 20. c3 Nxc3 21. Nxc3
exf4 22. Ne2 Nxd3 23. Qc2 fxg3 24. Qc4+ Qd5 25. hxg3 Nxf2 26. Kxf2 h6 27. Nf3
Re4 28. Qxd5+ Rxd5 29. Bb2 Bxb2 30. Rxb2 Rb4 31. Nf4 Rd6 32. Ne5 g5 33. Nc4
Rxc4 34. bxc4 gxf4 35. Rc2 fxg3+ 36. Kxg3 Kg7 37. Kf4 Kf6 0-1

[Event "Floripa Chess Open 2024"]
[Site "Florianopolis"]
[Date "2024.01.20"]
[Round "1.37"]
[White "Menna Barreto, Luiz Ney"]
[Black "Lemes, Cintia"]
[Result "1/2-1/2"]
[WhiteElo "2216"]
[BlackElo "1576"]
[PlyCount "70"]
[EventDate "2024.01.20"]
[EventRounds "10"]
[EventCountry "BRA"]

1. Nf3 c5 2. c4 Nc6 3. Nc3 Nf6 4. g3 e5 5. Bg2 Be7 6. d3 ({RR} 6. O-O O-O 7.
Ne1 a6 8. f4 exf4 9. gxf4 b5 10. b3 Bb7 11. Bb2 Na5 12. e4 bxc4 13. e5 Ne8 14.
Bxb7 Nxb7 15. bxc4 Na5 16. Qe2 Rb8 17. d3 d6 18. Nd5 dxe5 19. fxe5 Nc7 20. Nf6+
Bxf6 {Ikeda,J (2402)-Romanov,E (2643) Helsingor 2014 0-1 (67)}) 6... d6 ({RR} 
6... O-O 7. Bg5 d6 8. O-O Bg4 9. a3 Qd7 10. Rb1 Rae8 11. b4 b6 12. b5 Nb8 13.
Qd2 Qe6 14. Bxf6 Bxf6 15. Ng5 Bxg5 16. Qxg5 h6 17. Qd2 Nd7 18. Nd5 Rd8 19. e3
Nf6 20. a4 Nxd5 21. Bxd5 {De Santis,A (2135)-Estremera Panos,S (2259) Assisi
ITA 2022 1/2-1/2 (44)}) 7. O-O Bg4 8. h3 Be6 $146 ({RR} 8... Bf5 9. e4 Bg6 10.
Nd5 O-O 11. a3 Nxd5 12. cxd5 Nd4 13. Nxd4 cxd4 14. Bd2 Qb6 15. b4 Rac8 16. Qb3
f5 17. f4 exf4 18. gxf4 Kh8 19. e5 Be8 20. Rfc1 Bh5 21. a4 dxe5 22. fxe5 Qg6
23. Rxc8 {Milans,C (1892)-De Cuadro,D (1690) Montevideo 2016 1-0 (60)}) 9. Ng5
Bd7 10. f4 h6 11. Nge4 Qc8 12. Kh2 Nxe4 13. Nxe4 f5 14. Nc3 Be6 15. e4 Qd7 16.
Qh5+ Bf7 17. Qxf5 Be6 18. Qh5+ Bf7 19. Qg4 Qxg4 20. hxg4 h5 21. g5 g6 22. Nd5
Bd8 23. Rh1 Nd4 24. fxe5 dxe5 25. Rf1 Rb8 26. Rf2 h4 27. g4 h3 28. Bxh3 Ne6 29.
Nf6+ Bxf6 30. Rxf6 Rd8 31. Rf3 Nd4 32. Rg3 Ne2 33. Rf3 Nd4 34. Rg3 Ne2 35. Rf3
Nd4 1/2-1/2

[Event "Floripa Chess Open 2024"]
[Site "Florianopolis"]
[Date "2024.01.20"]
[Round "1.38"]
[White "Flesch, Lucas Henrique Ye"]
[Black "Milat, Marcel"]
[Result "0-1"]
[WhiteElo "1571"]
[BlackElo "2213"]
[PlyCount "154"]
[EventDate "2024.01.20"]
[EventRounds "10"]
[EventCountry "BRA"]

1. e4 Nf6 2. e5 Nd5 3. d4 d6 4. c4 Nb6 5. exd6 cxd6 6. Nc3 g6 7. Nf3 Bg7 8. Be2
O-O 9. Be3 Nc6 10. O-O Bg4 11. b3 d5 12. c5 Nc8 13. h3 Bxf3 14. Bxf3 e6 15. a3
N8e7 16. b4 Nf5 17. Ne2 Qf6 ({RR} 17... Qh4 18. Bg4 Nxe3 19. fxe3 Qg5 20. Qb3
Bh6 21. Nf4 Qh4 22. Rae1 Bxf4 23. exf4 Nxd4 24. Qd3 Qf6 25. Rd1 Nf5 26. Bxf5
Qxf5 27. Qb5 Rab8 28. Qd7 Qf6 29. Qa4 a6 30. c6 bxc6 31. Qxc6 Qb2 32. Rd3 {
Lopez del Alamo,A (2237)-Kwon,S (2282) chess.com INT 2024 0-1 (42)}) 18. Qd2
Ncxd4 19. Nxd4 Nxd4 20. Bxd4 $146 ({RR} 20. Bd1 a5 21. Rb1 a4 22. Bg5 Qf5 23.
Bg4 Qc2 24. b5 Qxd2 25. Bxd2 Nb3 26. Bb4 Rfc8 27. b6 Bd4 28. Be2 Bxc5 29. Bxc5
Rxc5 30. Rfe1 Rc6 31. Bf1 Rxb6 32. Re2 Rc8 33. Reb2 d4 34. g4 Rc3 {Truong,
D-Nguyen,D Hue 2004 0-1 (45)}) 20... Qxd4 21. Qxd4 Bxd4 22. Rad1 Bg7 23. Rd3
Rfc8 24. Rc1 Rc7 25. a4 Rac8 26. Rcd1 a5 27. Rb3 Ra8 28. bxa5 Rxa5 29. Rdb1
Rxa4 30. Rxb7 Rxb7 31. Rxb7 Ra1+ 32. Kh2 Be5+ 33. g3 Rc1 34. Rb5 Bd4 35. Rb8+
Kg7 36. Rc8 Bxc5 37. Bg2 h5 38. h4 Kf6 39. Rc7 Rc2 40. Kh3 Rc4 41. f4 Be3 42.
Rxc4 dxc4 43. Bf1 c3 44. Bd3 Ke7 45. Kg2 f5 46. Kf3 Bd4 47. Ke2 e5 48. fxe5
Bxe5 49. Kf3 Ke6 50. Bc4+ Kf6 51. Bb3 Bc7 52. Kf2 Ke5 53. Ke3 Bb6+ 54. Kf3 Kd4
55. Bc2 Bc7 56. Ke2 Bxg3 57. Bb3 Ke5 58. Kd3 Be1 59. Bc4 Kf6 60. Bb3 g5 61.
hxg5+ Kxg5 62. Ke2 Bg3 63. Kf3 Be5 64. Kg2 h4 65. Kh3 Bg3 66. Bc2 Kf6 67. Kg2
Ke5 68. Kf3 f4 69. Kg2 Kd4 70. Kf3 h3 71. Bb1 h2 72. Kg2 Ke3 73. Bf5 f3+ 74.
Kh1 f2 75. Bh3 c2 76. Kg2 Kf4 77. Bc8 h1=Q+ 0-1

[Event "Floripa Chess Open 2024"]
[Site "Florianopolis"]
[Date "2024.01.20"]
[Round "1.39"]
[White "Campos, Maria Jose"]
[Black "Ferreira, Carlos Eduardo"]
[Result "1-0"]
[WhiteElo "2208"]
[BlackElo "1568"]
[PlyCount "53"]
[EventDate "2024.01.20"]
[EventRounds "10"]
[EventCountry "BRA"]

1. c4 c5 2. g3 g6 3. Bg2 Bg7 4. Nc3 Nc6 5. Nf3 Nf6 6. d4 cxd4 7. Nxd4 O-O 8.
O-O a6 9. Nc2 d6 10. b3 Re8 $146 ({RR} 10... Bf5 11. e4 Bg4 12. Qd2 Rc8 13. Bb2
Qa5 14. Ne3 Bd7 15. Rfd1 b5 16. cxb5 axb5 17. Qe2 b4 18. Ncd5 Nxd5 19. Rxd5 Qa7
20. Bxg7 Kxg7 21. Qb2+ f6 22. Rd2 {1/2-1/2 (22) Hartoch,R-Golombek,H
Vlissingen 1970}) ({RR} 10... Qa5 11. Nd5 Be6 12. Bd2 Qd8 13. Rc1 Rc8 14. Nce3
Re8 15. Bc3 Ng4 16. Nxg4 Bxg4 17. Bxg7 Kxg7 18. Qd2 Bd7 19. Rfd1 b6 20. b4 e5
21. Qe3 Rb8 22. b5 axb5 23. cxb5 Nd4 24. Rxd4 exd4 25. Qxd4+ {Timofeev,A (2670)
-Maslak,K (2544) Moscow 2008 1-0 (35)}) ({RR} 10... Rb8 11. Bb2 e6 12. Ne3 Qc7
13. Rc1 Rd8 14. Qd2 b6 15. Ncd5 exd5 16. cxd5 Bd7 17. dxc6 Be6 18. Rfd1 d5 19.
Bxf6 Bxf6 20. Nxd5 Bxd5 21. Bxd5 Kg7 22. e4 b5 23. Qe2 a5 24. Kg2 b4 25. Qc4 {
Bodrogi,B (2145)-Polner,I (1761) Satu Mare ROU 2021 1-0 (41)}) 11. Bb2 Be6 12.
Rb1 Qc7 13. Qd2 Rad8 14. Ne3 Bc8 15. Ncd5 Nxd5 16. Nxd5 Qb8 17. Bxg7 Kxg7 18.
b4 b5 19. cxb5 axb5 20. Qc3+ Ne5 21. f4 Qa7+ 22. Kh1 e6 23. Nc7 Re7 24. Nxb5
Qb6 25. fxe5 dxe5 26. Qxe5+ Kg8 27. Qc5 1-0

[Event "Floripa Chess Open 2024"]
[Site "Florianopolis"]
[Date "2024.01.20"]
[Round "1.40"]
[White "Santos, Marcos Correia"]
[Black "Bauza, Alejandro"]
[Result "0-1"]
[WhiteElo "1564"]
[BlackElo "2205"]
[PlyCount "102"]
[EventDate "2024.01.20"]
[EventRounds "10"]
[EventCountry "BRA"]

1. e4 c6 2. c4 e5 3. d4 d6 4. Nc3 Nf6 5. dxe5 dxe5 6. Qxd8+ Kxd8 7. Bd3 ({RR} 
7. Nf3 Nbd7 8. Ng5 Ke8 9. f3 a5 10. Nh3 Nc5 11. Nf2 Ne6 12. Bd2 Nd7 13. O-O-O
f6 14. Ng4 a4 15. Ne3 Ndc5 16. Nc2 Be7 17. Be3 Kf7 18. Be2 Nf4 19. Bf1 b6 20.
g3 Nfe6 21. f4 Rd8 {Miton,K (2440)-Berkovich,D (2465) Podolsk 1993 0-1 (60)}) (
{RR} 7. Be3 Kc7 8. f3 Be6 9. O-O-O Nbd7 10. Na4 Be7 11. g4 h6 12. Nh3 Rhd8 13.
Be2 Nb6 14. Nxb6 axb6 15. a3 Nd7 16. Nf2 Nc5 17. Kc2 Bg5 18. Bxg5 hxg5 19. h4
gxh4 20. Rxd8 Rxd8 21. Rxh4 Na4 {Bongo Akanga Ndjila,B (1824)-Matveeva,O (2111)
chess.com INT 2023 0-1 (39)}) 7... Nfd7 $146 ({RR} 7... Bd6 8. f3 Nbd7 9. Be3
Bc5 10. Bxc5 Nxc5 11. O-O-O Ke7 12. Nge2 Be6 13. b3 a5 14. Bc2 Rhd8 15. Rxd8
Rxd8 16. Rd1 Rb8 17. Kb2 Nfd7 18. a3 Na6 19. Ng3 g6 20. Nf1 f6 21. Ne3 Bf7 22.
Bd3 {Burg,T (2062)-Van Gelder,B (2221) Amsterdam 2004 1/2-1/2 (52)}) 8. Nf3 f6
9. O-O a5 10. Be3 Na6 11. Na4 Kc7 12. a3 Nac5 13. Nxc5 Nxc5 14. Bc2 a4 15. Rad1
Be6 16. Nd2 Nd7 17. f3 Bc5 18. Bf2 Rhd8 19. Bd3 Bxf2+ 20. Kxf2 Nc5 21. Be2 Rd4
22. Nb1 Bxc4 23. Rxd4 Bxe2 24. Kxe2 exd4 25. Rd1 Rd8 26. Nd2 b5 27. Rc1 Kb6 28.
Rd1 Ne6 29. g3 c5 30. f4 c4 31. Nf3 Kc5 32. e5 f5 33. h4 h6 34. Rc1 d3+ 35. Ke3
Nd4 36. Nd2 Nc2+ 37. Kf2 Rb8 38. Kf3 b4 39. g4 bxa3 40. bxa3 c3 41. gxf5 cxd2
42. Rd1 Kd4 43. Rxd2 Rb1 44. e6 Rf1+ 45. Rf2 Re1 46. Kg4 Ne3+ 47. Kh5 Nxf5 48.
Kg6 Nd6 49. f5 Rg1+ 50. Kh7 Ke3 51. Rh2 d2 0-1

[Event "Floripa Chess Open 2024"]
[Site "Florianopolis"]
[Date "2024.01.20"]
[Round "1.41"]
[White "Contin, Daniel"]
[Black "Mauro, Roberto Da Silva"]
[Result "1-0"]
[WhiteElo "2203"]
[BlackElo "1562"]
[PlyCount "88"]
[EventDate "2024.01.20"]
[EventRounds "10"]
[EventCountry "BRA"]

1. e4 c5 2. Nf3 Nc6 3. Bb5 Qc7 4. Nc3 e6 5. O-O d6 6. Re1 Bd7 7. d4 cxd4 8.
Nxd4 Be7 9. a4 Nf6 10. Bg5 $146 ({RR} 10. Be3 O-O 11. Nb3 a6 12. Bf1 Na5 13.
Nd2 Rfd8 14. f3 Be8 15. Qe2 Nd7 16. Qf2 Rdc8 17. f4 Bf8 18. g4 Rab8 19. g5 Nc6
20. Bh3 Nb4 21. Nb3 d5 22. f5 exf5 23. exf5 f6 24. Nd4 Bd6 {Svana,P (2268)
-Gregor,E (2020) Slovakia 2016 1-0 (36)}) 10... a6 11. Bxc6 bxc6 12. Qf3 Rb8
13. Rab1 c5 14. Nde2 Bc6 15. Ng3 Rb4 16. Bxf6 Bxf6 17. Nd5 Bxd5 18. exd5 O-O
19. Nh5 Be5 20. c3 Rxa4 21. Qd1 Ra5 22. f4 c4 23. fxe5 dxe5 24. dxe6 fxe6 25.
Qe2 e4 26. Ng3 Rf4 27. Qe3 Rh4 28. Rf1 h6 29. Qf2 Rf5 30. Qd4 Rg5 31. Rbd1 Rd5
32. Qf2 Rf5 33. Qe3 Rg5 34. Rd4 Rgg4 35. Rf2 h5 36. Nf1 e5 37. Rd5 Rg6 38. Qc5
Rc6 39. Qf8+ Kh7 40. Rf7 Qb6+ 41. Kh1 Rg4 42. Rd8 Kh6 43. Qh8+ Kg5 44. Rxg7+
Kh4 1-0

[Event "Floripa Chess Open 2024"]
[Site "Florianopolis"]
[Date "2024.01.20"]
[Round "1.42"]
[White "Gomes, Genildo De Souza"]
[Black "Aranha Filho, Alvaro Z."]
[Result "0-1"]
[WhiteElo "1560"]
[BlackElo "2201"]
[PlyCount "50"]
[EventDate "2024.01.20"]
[EventRounds "10"]
[EventCountry "BRA"]

1. d4 Nf6 2. c4 c5 3. d5 b5 4. b3 e6 5. Bb2 Bb7 6. dxe6 fxe6 7. cxb5 d5 8. Nf3
Bd6 9. e3 O-O 10. Be2 Nbd7 11. Nc3 $146 ({RR} 11. O-O Qe7 12. a4 e5 13. h3 Rad8
14. Na3 e4 15. Nh2 Ne5 16. Nc2 Bb8 17. Ng4 Nfxg4 18. Bxg4 Nd3 19. Bc3 Qd6 20.
f4 exf3 21. Rxf3 Qh2+ 22. Kf1 Ne5 23. Bxe5 Bxe5 24. Ne1 Bxa1 25. Qxa1 d4 {
Izydor,W (1766)-Kowalczuk,M (1909) Poland 2013 0-1 (33)}) 11... Qe7 12. h3 e5
13. Qc2 d4 14. Nd1 e4 15. Bc4+ Kh8 16. Nh2 Ne5 17. exd4 Nd3+ 18. Kf1 Nxb2 19.
Qxb2 cxd4 20. Ng4 Nh5 21. Qxd4 Ng3+ 22. Kg1 Nxh1 23. Kxh1 h5 24. Nde3 Rad8 25.
Qxa7 Bc5 0-1

[Event "Floripa Chess Open 2024"]
[Site "Florianopolis"]
[Date "2024.01.20"]
[Round "1.43"]
[White "Terao, Juliana Sayumi"]
[Black "Kerr, Lennon"]
[Result "1-0"]
[WhiteElo "2198"]
[BlackElo "1557"]
[PlyCount "51"]
[EventDate "2024.01.20"]
[EventRounds "10"]
[EventCountry "BRA"]

1. e4 e6 2. d4 d5 3. e5 c5 4. c3 Nc6 5. f4 Qb6 6. Nf3 Nh6 7. Bd3 Bd7 ({RR} 7...
cxd4 8. cxd4 Bd7 9. Bc2 Nb4 10. Na3 Qa6 11. Bb1 O-O-O 12. Qe2 Qxe2+ 13. Kxe2
Be7 14. Bd2 Kb8 15. h3 f6 16. g4 Nf7 17. h4 fxe5 18. fxe5 Rdf8 19. Rh3 Nd8 20.
Ng5 h6 21. Nf3 h5 22. gxh5 {Korbut,E (2347)-Turova,I (2299) Elista 2001 1/2-1/2
}) 8. dxc5 ({RR} 8. Bc2 cxd4 9. cxd4 Nb4 10. Ba4 Bxa4 11. Qxa4+ Nc6 12. O-O Nf5
13. Rd1 Be7 14. Nc3 O-O 15. Ne2 Rac8 16. g4 Nfxd4 17. Nfxd4 Nxd4 18. Nxd4 Rc4
19. Qb3 Rxd4 20. Be3 Rxd1+ 21. Rxd1 Qxb3 22. axb3 Rc8 {Srija,S (2187)-Cholleti,
S (2246) Delhi IND 2022 0-1 (53)}) 8... Bxc5 9. Qe2 Ng4 10. Rf1 $146 ({RR} 10.
Nd4 Nxd4 11. Qxg4 Nf5 12. Qe2 a5 13. Na3 Bxa3 14. bxa3 Qc5 15. Bd2 h5 16. Rb1
Rb8 17. a4 Bxa4 18. Bxf5 exf5 19. e6 fxe6 20. Qxe6+ Qe7 21. Rb6 Bc6 22. Qxe7+
Kxe7 23. Kf2 Kf7 24. Be3 Rhe8 {Taylor,G-Wheeler,J (2230) Exeter 1999 0-1 (40)})
10... Rc8 11. Ng5 Ne3 12. Rf3 d4 13. Bxe3 dxe3 14. Ne4 Ne7 15. Nxc5 Rxc5 16.
Na3 Qc7 17. Nc4 Nd5 18. Nd6+ Kf8 19. c4 Nb4 20. Rxe3 Bc6 21. a3 Nxd3+ 22. Rxd3
Bd7 23. b4 Rc6 24. Rad1 Be8 25. Nxe8 Kxe8 26. Qd2 1-0